000 00300nam a22001337a 4500
008 170331b xxu||||| |||| 00| 0 eng d
020 _a9780323019019
041 _aeng
080 _26 ED
_a616-053.2
100 _a8
101 _aSHM
245 _aEMERGENCY PEDIATRICS
_cBARKIN.R.M
942 _2udc
_cBK
999 _c9213
_d9213